00941nam a2200193Ia 4500008004100000020002200041050002000063100001800083245010900101260002400210300002600234440002600260504005400286650013400340700003600474952011000510952011000620999001700730120721s9999 xx 000 0 und d a978-970-651-493-6 aLA 422 P71 2001 aPrawda, Juan. aMéxico educativo revisitado : reflexiones al comienzo de un nuevo siglo / Juan Prawda, Gustavo Flores. aMéxico : Océano a317 p. : il. ; 23 cm. aCon una cierta mirada aIncluye referencias bibliográficas (p. 297-311) a1. Objetivos educativos -- México. 2. Educación y Estado -- México. 3. Educación -- Aspectos sociales -- México.  aI. Flores, Gustavo ; coaut.Ì 00104070a21b21d2011-10-03l11oLA 422 P71 2001p21 000200r2018-01-27s2018-01-27t1w2012-07-20yLB 00104070a21b21d2011-10-03l10oLA 422 P71 2001p21 000201r2019-04-10s2019-04-10t2w2012-07-20yLB c83142d83142